Η Πρόκληση του Επιχειρείν / Εμπειρία από την Πράξη (Record no. 3713)
[ view plain ]
| 000 -LEADER | |
|---|---|
| fixed length control field | 01323cam a22001934a 4500 |
| 005 - ΗΜΕΡΟΜΗΝΙΑ ΚΑΙ ΩΡΑ ΤΕΛΕΥΤΑΙΑΣ ΕΝΗΜΕΡΩΣΗΣ | |
| Πεδίο ελέγχου | 20250605163410.0 |
| 008 - FIXED-LENGTH DATA ELEMENTS--GENERAL INFORMATION | |
| Πεδίο ελέγχου σταθερού μήκους | 250528s ||||||||||||||||||||||||d |
| 035 ## - SYSTEM CONTROL NUMBER | |
| System control number | 18351 |
| 020 ## - ISBN | |
| ISBN | 9600803544 |
| 040 ## - ΠΗΓΗ ΚΑΤΑΛΟΓΟΓΡΑΦΗΣΗΣ | |
| Φορέας πρωτότυπης καταλογογράφησης | MC Athens Campus Library |
| Γλώσσα καταλογογράφησης | Ελληνικά, Μοντέρνα (1453-) |
| Modifying agency | MC Athens Campus Library |
| Κανόνες περιγραφικής καταλογογράφησης | AACR2 |
| 245 1# - ΤΙΤΛΟΣ ΚΑΙ ΔΗΛΩΣΗ ΥΠΕΥΘΥΝΟΤΗΤΑΣ | |
| Τίτλος | Η Πρόκληση του Επιχειρείν / Εμπειρία από την Πράξη |
| 260 ## - PUBLICATION, DISTRIBUTION, ETC. | |
| Name of publisher, distributor, etc. | Ι. Σιδέρης, |
| Date of publication, distribution, etc. | 2005 |
| 300 ## - PHYSICAL DESCRIPTION | |
| Extent | 192 |
| 520 ## - SUMMARY, ETC. | |
| Summary, etc. | Το βιβλίο παρουσιάζει μία σειρά μελετών περίπτωσης επιχειρηματικότητας από την ελληνική πραγματικότητα. Πρόλογος, Μελέτη Περίπτωσης Opinion, Επενδύοντας στο CRM, Μελέτη Περίπτωσης ΙΝΤΕΡΚΕΜ, Ανταγωνισμός και Πελάτες, Μελέτη Περίπτωσης Mantis Πληροφορική ΑΕ, Η Παγκόσμια Αγορά Λογισμικού, Μελέτη Περίπτωσης Αρχέτυπον ΑΕ, Μια ματιά στο Μέλλον, Μελέτη Περίπτωσης Εκδοτική Ελλάδος και Γραφικές Τέχνες ΑΕ, Η Απόφαση της Συνάντησης των Μετόχων. |
| 700 1# - ΠΡΟΣΘΕΤΗ ΑΝΑΓΡΑΦΗ--ΦΥΣΙΚΟ ΠΡΟΣΩΠΟ | |
| Personal name | Βουδούρη Ειρήνη |
| 942 ## - ADDED ENTRY ELEMENTS (KOHA) | |
| Koha item type | Books |
| Τύπος τεκμηρίου | Βιβλιοθήκη | Τρέχουσα τοποθεσία | Barcode | Αριθμός εισαγωγής | Ημερομηνία απόκτησης | Ταξιθετικό σύμβολο | Αριθμός αντιτύπου | Κατάσταση απόσυρσης | Κατάσταση χαμένου | Κατάσταση κατεστραμμένου | Μη δανεισμός | Σύνολο δανεισμών | Ημερομηνία τελευταίας εμφάνισης | Η τιμή ισχύει από |
|---|---|---|---|---|---|---|---|---|---|---|---|---|---|---|
| Books | MC Athens Campus Library | MC Athens Campus Library | 9780000037121 | 2989 | 05/06/2025 | 658.421 BOY | 1 | 05/06/2025 | 05/06/2025 |